01224nam a2200277 c 4500999001500000001000900015003000400024005001700028008004100045017004900086020001800135040002900153080002800182100002200210245014300232264009400375300006200469505011400531600004200645650004100687650005100728700002700779700002300806942001300829952010400842 c7706d7706a7040518OSt20230405122036.0220203s2021 sp a | |||| 000 0 spa  aBU 289-2021bOficina Depósito Legal Burgos a9788492973538 aSpMaBNbspacSpMaBNerda a7 Ferrer, Rai (083.824) aFerrer, Rai9473210aRai Ferrer (Onomatopeya) :bpasión por la imagen y la palabrac/ [comisaria, Marie-Claire Uberquoi ; textos, Juan Manuel Bonet [et al.]] 1a[Burgos] : bInstituto Municipal de Cultura y Turismo del Ayuntamiento de Burgos,c[2021] a167 pàgines, bprincipalment il·lustrat ; c21 x 21 cm aExposició: sala d'exposicions del Arco de Santa María, Burgos, del 22 d'octubre al 28 de novembre de 202117aFerrer, Raid(1942-2017)vExposicions 093883aCòmicszEspanyavExposicions 093084aHumorisme gràficzEspanyavExposicions1 aUberquoi, Marie-Claire1 aBonet, Juan Manuel 2udccMON 00104071aCDMRbCDMRd2023-04-05eDonaciól0oDi /50pCDMR23010004r2023-04-05w2023-04-05yMON